FOX TV Show Character Sorting Quiz Stats

 Plays Quiz not verified by Sporcle

Score 0/40 Timer 05:00
0 Plays Today
% Correct
The Simpsons
85.9%
Married... with Children
83.7%
The X-Files
83.7%
The X-Files
83.7%
The Simpsons
83.7%
The Simpsons
83.7%
Arrested Development
82.6%
24
82.6%
The Simpsons
82.6%
That 70's Show
81.5%
The Simpsons
81.5%
That 70's Show
77.2%
That 70's Show
77.2%
Arrested Development
77.2%
That 70's Show
76.1%
House
76.1%
Married... with Children
70.7%
That 70's Show
68.5%
24
63%
Malcolm in the Middle
62%
% Correct
Arrested Development
58.7%
House
55.4%
House
55.4%
Arrested Development
53.3%
House
53.3%
24
48.9%
Arrested Development
46.7%
House
46.7%
Married... with Children
45.7%
Malcolm in the Middle
42.4%
24
37%
24
35.9%
Malcolm in the Middle
34.8%
The X-Files
34.8%
The X-Files
31.5%
Malcolm in the Middle
25%
Malcolm in the Middle
23.9%
Married... with Children
21.7%
The X-Files
18.5%
Married... with Children
17.4%

You're not logged in!

Compare scores with friends on all Sporcle quizzes.
OR
Log In

Show Comments

Extras

Top Quizzes Today


Score Distribution

Your Account Isn't Verified!

In order to create a playlist on Sporcle, you need to verify the email address you used during registration. Go to your Sporcle Settings to finish the process.

Report this User

Report this user for behavior that violates our Community Guidelines.

Details: